Logo Biblioteca

Vecinos y detectives en Belgrano / (Registro nro. 954)

Detalles MARC
000 -LEADER
fixed length control field 01321aam a2200301 a 4500
001 - CONTROL NUMBER
control field 001383035
003 - CONTROL NUMBER IDENTIFIER
control field AR-BaBN
005 - DATE AND TIME OF LATEST TRANSACTION
control field 20260309112831.0
007 - PHYSICAL DESCRIPTION FIXED FIELD--GENERAL INFORMATION
fixed length control field ta
008 - FIXED-LENGTH DATA ELEMENTS--GENERAL INFORMATION
fixed length control field 161227s2014 ag a cr 001 f spa
015 ## - NATIONAL BIBLIOGRAPHY NUMBER
National bibliography number AR-2014
020 ## - INTERNATIONAL STANDARD BOOK NUMBER
International Standard Book Number 978-950-46-3478-2
040 ## - CATALOGING SOURCE
Original cataloging agency AR-BaBN
Language of cataloging spa
Transcribing agency AR-BaBN
Description conventions aacr
044 ## - COUNTRY OF PUBLISHING/PRODUCING ENTITY CODE
MARC country code ag
ISO country code ar-c
080 1# - UNIVERSAL DECIMAL CLASSIFICATION NUMBER
Universal Decimal Classification number 821.134.2(82)-93
Edition identifier 2016
100 1# - MAIN ENTRY--PERSONAL NAME
Personal name Brandán Aráoz, María,
Dates associated with a name 1949-
Relator term autora
Relationship aut
245 10 - TITLE STATEMENT
Title Vecinos y detectives en Belgrano /
Statement of responsibility, etc. María Brandán Aráoz ; ilustraciones de Shula Goldman.
250 ## - EDITION STATEMENT
Edition statement 1a ed.
260 ## - PUBLICATION, DISTRIBUTION, ETC.
Place of publication, distribution, etc. Buenos Aires :
Name of publisher, distributor, etc. Alfaguara,
Date of publication, distribution, etc. 2014.
300 ## - PHYSICAL DESCRIPTION
Extent 164 p. :
Other physical details il. ;
Dimensions 20 cm.
490 1# - SERIES STATEMENT
Series statement Alfaguara Juvenil. Azul
520 3# - SUMMARY, ETC.
Summary, etc. «Vecinos y detectives en Belgrano cuenta la primera aventura de Mauro, Diego, Adela y Fernando, los protagonistas de Detectives en Palermo viejo, cuando se conocieron. Más chicos pero con el mismo espíritu detectivesco, descubren algo extraño en una carnicería de su barrio. Cuando comienzan a unir datos se encuentran frente a un caso de robo y realizan una arriesgada investigación».
Assigning source (Descripción del editor).
521 1# - TARGET AUDIENCE NOTE
Target audience note Edad sugerida desde los 12 años.
655 #4 - INDEX TERM--GENRE/FORM
Genre/form data or focus term Literatura juvenil
655 #4 - INDEX TERM--GENRE/FORM
Genre/form data or focus term Novela
700 1# - ADDED ENTRY--PERSONAL NAME
Personal name Goldman, Shula,
Dates associated with a name 1947-
Relator term ilustradora
Relationship ill
830 #0 - SERIES ADDED ENTRY--UNIFORM TITLE
Uniform title Alfaguara Juvenil. Azul

No hay ítems disponibles.

Biblioteca de la Escuela Preuniversitaria en Ciencias Sociales y Humanísticas.
Riobamba 250 bis.
CP 2000 - Rosario - Santa Fe
E-Mail: biblioteca@esociales.unr.edu.ar